| 000 | 00554nam a2200229Ia 4500 | ||
|---|---|---|---|
| 005 | 20250425162723.0 | ||
| 008 | 250425s9999 xx 000 0 und d | ||
| 020 | _a9978808981 | ||
| 041 | _aspa | ||
| 043 | _aec | ||
| 082 |
_a863 _pMAN |
||
| 100 | _aManzano, Sonia | ||
| 245 | 0 |
_aEses fatales _cSonia Manzano |
|
| 250 | _aPrimera edición | ||
| 260 |
_aQuito _bLIBRESA _c2005 |
||
| 300 |
_a156 páginas _c21 cm. |
||
| 650 | _aLiteratura Ecuatoriana | ||
| 650 | _aNovelas Ecuatorianas | ||
| 710 | _aLIBRESA | ||
| 942 | _c01 | ||
| 010 | _a102751 | ||
| 999 |
_c235083 _d235083 |
||